000 00667nam a2200229 a 4500
001 BRCA_3648
005 20190320204352.0
008 270809s1963----enka---###---#000-0#eng-#
041 _aenk
044 _aeng
050 4 _aN5210
_b.C66 1963
100 1 _aCooper, Douglas
_99460
245 1 0 _aGreat private collections
_cDouglas Cooper ; introd. by Kenneth Clark.
260 _aLondon
_bWeidenfeld and Nicolson
_c1963
300 _a302 p.
_bil. (algunas a color)
_c33 cm.
500 _aB318
650 1 4 _aArte
_xColecciones particulares
_97906
650 1 4 _aColeccionistas y colecciones
_99461
700 1 _aClark, Kenneth
_96038
902 _aGFM
942 _2lcc
_cB
999 _c3383
_d3383